=LDR 00000nam 2200000 4500 =001 INLIS000000000022865 =005 20130612121559 =008 ***********************************Ind** =035 ##$$0010-061300000022865 =041 ##$$a Ind =082 ##$$a 658.403 =090 ##$$a 658.403, Cas-t =100 ##$$a Casson, Herbert N =245 ##$$a Teeknik mengambil keputasan, Herbert N. Casson =260 ##$$a 2004 $b Jogjakarta =300 ##$$a xii, 170 hlm., ilus, 21 cm =650 ##$$a Teknik pengam bilan keputasan-Manajemen =850 ##$$a NBPNMAT